Wit and wisdom / (Record no. 541260)
[ view plain ]
| 000 -LEADER | |
|---|---|
| fixed length control field | 00591cam a22001815i 4500 |
| 020 ## - INTERNATIONAL STANDARD BOOK NUMBER | |
| International Standard Book Number | 9789694965017 |
| 082 ## - DEWEY DECIMAL CLASSIFICATION NUMBER | |
| Classification number | 808.813 JAV |
| 100 1# - MAIN ENTRY--PERSONAL NAME | |
| Personal name | Javed, Dr. Inam ul Haq |
| Dates associated with a name | 1949- |
| Relator term | author. |
| 245 10 - TITLE STATEMENT | |
| Title | Wit and wisdom / |
| Statement of responsibility, etc. | selected humorous poetry by Dr. Inam ul Haq Javed ; translated by Dr. Safdar Ali Shah. |
| 260 ## - PUBLICATION, DISTRIBUTION, ETC. | |
| Place of publication, distribution, etc. | Islamabad |
| Name of publisher, distributor, etc. | Dost Publications |
| Date of publication, distribution, etc. | 2015 |
| 300 ## - PHYSICAL DESCRIPTION | |
| Extent | 171 pages ; |
| Dimensions | 22 cm |
| 650 #0 - SUBJECT ADDED ENTRY--TOPICAL TERM | |
| Topical term or geographic name entry element | Humorous poetry, Urdu. |
| 942 ## - ADDED ENTRY ELEMENTS (KOHA) | |
| Source of classification or shelving scheme | |
| Koha item type | Book |
| 650 #0 - SUBJECT ADDED ENTRY--TOPICAL TERM | |
| -- | 35659 |
| Withdrawn status | Lost status | Source of classification or shelving scheme | Damaged status | Not for loan | Permanent Location | Current Location | Date acquired | Source of acquisition | Full call number | Barcode | Date last seen | Price effective from | Koha item type | Total Checkouts | Date last checked out |
|---|---|---|---|---|---|---|---|---|---|---|---|---|---|---|---|
| Central Library (CL) | Central Library (CL) | 02/11/2021 | Donated by Rector NUST Islamabad | 808.813 JAV | CL-D-1045 | 09/26/2021 | 02/11/2021 | Book | |||||||
| Central Library (CL) | Central Library (CL) | 03/06/2022 | Donated by Student Affairs NUST | 808.813 JAV | CL-D-1465 | 06/16/2022 | 03/06/2022 | Book | 1 | 06/05/2022 |
